[Event "Turku We TSY"]
[Site "Turku"]
[Date "2012.??.??"]
[Round "3"]
[White "Paajala, Niki"]
[Black "Laitinen, Mika"]
[Result "1-0"]
[WhiteElo "1964"]
[BlackElo "1996"]
[PlyCount "107"]
[EventDate "2012.??.??"]
[EventType "swiss"]
[EventRounds "5"]
[EventCountry "FIN"]
[SourceTitle "EXT 2022"]
[Source "ChessBase"]
[SourceDate "2021.10.06"]
[SourceVersion "1"]
[SourceVersionDate "2021.10.06"]
[SourceQuality "1"]

1. d4 Nf6 2. Bg5 Ne4 3. Bf4 c5 4. dxc5 Qa5+ 5. c3 Qxc5 6. Qd4 Qxd4 7. cxd4 Nc6 8. Nf3 Nb4 9. Na3 e6 10. Nd2 Nd5 11. Nxe4 Bxa3 12. bxa3 Nxf4 13. e3 Ng6 14. Rb1 Ke7 15. Bd3 d6 16. Ke2 d5 17. Nc5 b6 18. Na6 Bb7 19. Rhc1 Rac8 20. Kd2 Rxc1 21. Rxc1 Rc8 22. Rxc8 Bxc8 23. Nb4 Kd6 24. Bxg6 hxg6 25. Nd3 g5 26. Kc3 Ba6 27. Nb2 Bf1 28. g3 e5 29. a4 e4 30. a5 bxa5 31. Na4 Ba6 32. Nc5 Bc8 33. Nb3 a4 34. Nc5 a3 35. Kb4 f5 36. Kxa3 f4 37. Kb4 fxe3 38. fxe3 Bh3 39. Na4 Bf1 40. Nc3 Kc6 41. Ka5 Kd6 42. Nb5+ Ke6 43. g4 Bh3 44. Nxa7 Bxg4 45. Nb5 Be2 46. Kb6 Bd1 47. Kc5 g4 48. Nc3 Bc2 49. Nxd5 Kf5 50. Nf4 g3 51. hxg3 Kg4 52. d5 Ba4 53. Kd4 Kxg3 54. Nh5+ 1-0

[Event "FIN-chT 0809"]
[Site "Finland"]
[Date "2009.11.08"]
[Round "5.7"]
[White "Laitinen, Mika"]
[Black "Salo, Heikki"]
[Result "0-1"]
[WhiteElo "1969"]
[BlackElo "2258"]
[PlyCount "78"]
[EventDate "2008.09.06"]
[EventType "team-tourn"]
[EventRounds "9"]
[EventCountry "FIN"]
[SourceTitle "EXT 2010"]
[Source "ChessBase"]
[SourceDate "2010.11.25"]
[SourceVersion "1"]
[SourceVersionDate "2010.11.25"]
[SourceQuality "1"]
[WhiteTeam "Helsinki Velhot"]
[BlackTeam "Vantaa EtVaS"]
[WhiteTeamCountry "FIN"]
[BlackTeamCountry "FIN"]

1. d4 Nf6 2. c4 e6 3. Nc3 Bb4 4. Qc2 Nc6 5. Nf3 d6 6. a3 Bxc3+ 7. bxc3 Qe7 8. Bg5 e5 9. e3 h6 10. Bxf6 Qxf6 11. Bd3 0-0 12. 0-0 Bd7 13. Rab1 b6 14. Be4 Rad8 15. Rfd1 Rfe8 16. c5 Qe7 17. cxd6 cxd6 18. Bxc6 Bxc6 19. d5 Bd7 20. Ne1 Rc8 21. Qd3 Rc5 22. c4 Rec8 23. Rb4 Qh4 24. g3 Qh5 25. f3 f5 26. f4 b5 27. fxe5 dxe5 28. Rd2 a5 29. Rb1 Rxc4 30. d6 Qf7 31. Nc2 Rc3 32. Qe2 Qc4 33. Qxc4+ R8xc4 34. Rb2 Kf7 35. Kf2 Ke6 36. Ne1 Rxa3 37. Nf3 Rcc3 38. Nh4 Kf6 39. e4 fxe4 0-1

[Event "Helsinki-chA 0708"]
[Site "Helsinki"]
[Date "2008.01.06"]
[Round "9"]
[White "Salimaki, Janne"]
[Black "Laitinen, Mika"]
[Result "1-0"]
[WhiteElo "2181"]
[BlackElo "1985"]
[PlyCount "41"]
[EventDate "2007.12.27"]
[EventType "tourn"]
[EventRounds "9"]
[EventCountry "FIN"]
[SourceTitle "EXT 2009"]
[Source "ChessBase"]
[SourceDate "2008.11.26"]
[SourceVersion "1"]
[SourceVersionDate "2008.11.26"]
[SourceQuality "1"]

1. Nf3 Nf6 2. c4 g6 3. Nc3 d5 4. cxd5 Nxd5 5. Qa4+ Bd7 6. Qh4 Nxc3 7. dxc3 Bg7 8. Bf4 c5 9. e4 Qb6 10. 0-0-0 Qa5 11. Bc4 Bf6 12. Qg3 Nc6 13. Ne5 Be6 14. Bxe6 Nxe5 15. Bxe5 fxe6 16. Bxf6 exf6 17. Qd6 Qxa2 18. Qd7+ Kf8 19. Qxb7 Qa1+ 20. Kd2 Rd8+ 21. Ke2 1-0

[Event "Helsinki-chA 0708"]
[Site "Helsinki"]
[Date "2008.01.05"]
[Round "8"]
[White "Laitinen, Mika"]
[Black "Kiuttu, Roope"]
[Result "1-0"]
[WhiteElo "1985"]
[BlackElo "2007"]
[PlyCount "91"]
[EventDate "2007.12.27"]
[EventType "tourn"]
[EventRounds "9"]
[EventCountry "FIN"]
[SourceTitle "EXT 2009"]
[Source "ChessBase"]
[SourceDate "2008.11.26"]
[SourceVersion "1"]
[SourceVersionDate "2008.11.26"]
[SourceQuality "1"]

1. d4 d5 2. c4 e6 3. Nf3 Nf6 4. Nc3 c6 5. Bg5 h6 6. Bh4 dxc4 7. e4 g5 8. Bg3 b5 9. Be2 Bb7 10. 0-0 Nbd7 11. Ne5 Bg7 12. Nxd7 Nxd7 13. Bd6 Qb6 14. e5 c5 15. dxc5 Nxc5 16. a4 a6 17. axb5 axb5 18. Rxa8+ Bxa8 19. Qd4 Bf8 20. Rd1 Bxd6 21. exd6 0-0 22. Qf6 Kh7 23. d7 Qd8 24. Qe5 Nxd7 25. Qxb5 Bd5 26. Nxd5 exd5 27. Qxd5 Qe8 28. Bxc4 Nf6 29. Qf5+ Kg7 30. b3 Qe7 31. h3 Rb8 32. Rd3 Ra8 33. Qf3 Ra1+ 34. Rd1 Ra7 35. Qc3 Rb7 36. Rd3 Rb6 37. Re3 Qd6 38. Rd3 Qe7 39. Qd4 Qb4 40. Qe5 Qa3 41. g3 Kg6 42. Bxf7+ Kxf7 43. Qc7+ Qe7 44. Qxb6 Qe1+ 45. Kg2 Qe4+ 46. Rf3 1-0

[Event "Helsinki-chA 0708"]
[Site "Helsinki"]
[Date "2007.12.30"]
[Round "4"]
[White "Laitinen, Mika"]
[Black "Haanpaa, Jorma"]
[Result "1/2-1/2"]
[WhiteElo "1985"]
[BlackElo "2093"]
[PlyCount "105"]
[EventDate "2007.12.27"]
[EventType "tourn"]
[EventRounds "9"]
[EventCountry "FIN"]
[SourceTitle "EXT 2009"]
[Source "ChessBase"]
[SourceDate "2008.11.26"]
[SourceVersion "1"]
[SourceVersionDate "2008.11.26"]
[SourceQuality "1"]

1. c4 Nf6 2. g3 d5 3. cxd5 Nxd5 4. Bg2 c6 5. Nc3 g6 6. e4 Nb4 7. d4 Qxd4 8. Be3 Qxd1+ 9. Rxd1 Nc2+ 10. Kd2 Nxe3 11. Kxe3 Bg7 12. f4 Nd7 13. Nf3 0-0 14. Rd2 Nb6 15. Kd3 Be6 16. b3 Rfd8+ 17. Kc2 Rxd2+ 18. Nxd2 Rd8 19. Re1 f5 20. Bh3 Kf7 21. Nf3 h6 22. Nh4 Bxc3 23. Kxc3 Kf6 24. a3 Bc8 25. exf5 Nd5+ 26. Kc2 g5 27. fxg5+ hxg5 28. Ng6 e6 29. g4 exf5 30. gxf5 Bxf5+ 31. Bxf5 Kxf5 32. Ne7+ Kf6 33. Nxd5+ Rxd5 34. Re4 Re5 35. Rb4 Re2+ 36. Kd3 Rxh2 37. Rxb7 Rf2 38. Ke3 Rf5 39. Rxa7 g4 40. Rc7 Rf3+ 41. Ke2 Rxb3 42. Rxc6+ Kg5 43. Kf1 Kh4 44. Kg2 Rb2+ 45. Kg1 Kh3 46. Rc1 Ra2 47. Rc3+ g3 48. Rc1 Rxa3 49. Rb1 Ra2 50. Rc1 Rg2+ 51. Kh1 Rf2 52. Kg1 Rf3 53. Ra1 1/2-1/2

[Event "FIN-chT 0607"]
[Site "Finland"]
[Date "2007.02.10"]
[Round "7.8"]
[White "Sorsa, Nuutti"]
[Black "Laitinen, Mika"]
[Result "1/2-1/2"]
[WhiteElo "2238"]
[BlackElo "1972"]
[PlyCount "85"]
[EventDate "2006.09.14"]
[EventType "team-tourn"]
[EventRounds "9"]
[EventCountry "FIN"]
[SourceTitle "EXT 2022"]
[Source "ChessBase"]
[SourceDate "2021.10.06"]
[SourceVersion "1"]
[SourceVersionDate "2021.10.06"]
[SourceQuality "1"]
[WhiteTeam "Turku TS"]
[BlackTeam "Helsinki Velhot"]
[WhiteTeamCountry "FIN"]
[BlackTeamCountry "FIN"]

1. e4 c5 2. Nf3 Nc6 3. Nc3 Nf6 4. d4 cxd4 5. Nxd4 e5 6. Ndb5 d6 7. Bg5 a6 8. Na3 b5 9. Bxf6 gxf6 10. Nd5 Bg7 11. Bd3 Ne7 12. Nxe7 Qxe7 13. 0-0 f5 14. exf5 Bb7 15. Qg4 Bf6 16. c4 h5 17. Qe2 e4 18. Rae1 Kf8 19. Bxe4 Re8 20. f3 Bh4 21. g3 Rg8 22. Qf2 Qc7 23. Bxb7 Rxe1 24. Rxe1 Qxb7 25. Qd4 Bd8 26. Qxd6+ Kg7 27. Qd3 Bf6 28. cxb5 Rd8 29. Qe2 Rd7 30. Kg2 axb5 31. Rd1 Re7 32. Qxb5 Qc8 33. Nc4 Re2+ 34. Kh3 Be5 35. Rd7 Bb8 36. Qd5 Qe8 37. Qd4+ Kh6 38. Qd5 Rxh2+ 39. Kxh2 Qe2+ 40. Kg1 Qe1+ 41. Kg2 Qe2+ 42. Kg1 Qe1+ 43. Kg2 1/2-1/2

[Event "FIN-chT 0607"]
[Site "Finland"]
[Date "2006.11.18"]
[Round "4.8"]
[White "Laitinen, Mika"]
[Black "Salminen, Jussi"]
[Result "1/2-1/2"]
[WhiteElo "1972"]
[BlackElo "2042"]
[PlyCount "106"]
[EventDate "2006.09.14"]
[EventType "team-tourn"]
[EventRounds "9"]
[EventCountry "FIN"]
[SourceTitle "EXT 2022"]
[Source "ChessBase"]
[SourceDate "2021.10.06"]
[SourceVersion "1"]
[SourceVersionDate "2021.10.06"]
[SourceQuality "1"]
[WhiteTeam "Helsinki Velhot"]
[BlackTeam "Helsinki Garde"]
[WhiteTeamCountry "FIN"]
[BlackTeamCountry "FIN"]

1. e4 c5 2. Nf3 Nc6 3. d4 cxd4 4. Nxd4 e5 5. Nb5 d6 6. N1c3 a6 7. Na3 b5 8. Nd5 Nf6 9. Bg5 Qa5+ 10. Bd2 Qd8 11. Bg5 Qa5+ 12. Bd2 Qd8 13. Nxf6+ Qxf6 14. c4 b4 15. Nc2 Rb8 16. b3 Be7 17. g3 0-0 18. Bg2 Rd8 19. 0-0 Qg6 20. Qe1 a5 21. Rd1 Be6 22. Kh1 Qh5 23. f4 Bg4 24. Rb1 Be2 25. Rf2 Bd3 26. Bf3 Qh3 27. Bg2 Qc8 28. Be3 Qa6 29. Rd1 Bxc2 30. Rxc2 a4 31. Rdd2 Ra8 32. bxa4 Qxa4 33. Rb2 Rab8 34. Bf3 Na5 35. Rdc2 Rdc8 36. Qc1 Qc6 37. fxe5 dxe5 38. c5 b3 39. axb3 Rxb3 40. Rxb3 Nxb3 41. Qb2 Qe6 42. Qa3 Nxc5 43. Bxc5 Qc6 44. Qb2 Bxc5 45. Qxe5 Qc7 46. Qd5 Qc6 47. Qf5 g6 48. Qd5 Qxd5 49. exd5 Rc7 50. Kg2 Kf8 51. Kh3 Bd6 52. Rc6 Rxc6 53. dxc6 h5 1/2-1/2

[Event "Espoo We MatSK"]
[Site "Espoo"]
[Date "2006.??.??"]
[Round "4"]
[White "Laitinen, Mika"]
[Black "Raisanen, Kim"]
[Result "0-1"]
[WhiteElo "1982"]
[BlackElo "2038"]
[PlyCount "74"]
[EventDate "2006.02.??"]
[EventType "swiss"]
[EventRounds "5"]
[EventCountry "FIN"]
[SourceTitle "EXT 2007"]
[Source "ChessBase"]
[SourceDate "2006.11.23"]
[SourceVersion "1"]
[SourceVersionDate "2006.11.23"]
[SourceQuality "1"]

1. e4 c5 2. Nf3 d6 3. d4 cxd4 4. Nxd4 Nf6 5. Bd3 Nc6 6. Nxc6 bxc6 7. c4 g6 8. b3 Qa5+ 9. Qd2 Qxd2+ 10. Nxd2 a5 11. Bb2 Bg7 12. Rb1 0-0 13. Nf1 Nd7 14. Bxg7 Kxg7 15. Ne3 Nc5 16. Bc2 Rb8 17. Kd2 f5 18. exf5 gxf5 19. f4 Kf6 20. Rhf1 Be6 21. Kc3 Na6 22. a3 c5 23. g4 fxg4 24. f5 Bd7 25. Nxg4+ Kg7 26. Rf3 Nc7 27. Rg1 Kh8 28. Be4 Ne8 29. Bd5 Nf6 30. Nxf6 Rxf6 31. Re3 Bxf5 32. Rxe7 Bg6 33. h4 Rf2 34. Be4 Bxe4 35. Rxe4 Rf3+ 36. Kc2 Rfxb3 37. Re7 Rb2+ 0-1

[Event "FIN-ch U16"]
[Site "Finland"]
[Date "2006.??.??"]
[Round "5"]
[White "Laitinen, Mika"]
[Black "Sofiev, Alexey"]
[Result "1/2-1/2"]
[WhiteElo "2042"]
[BlackElo "2009"]
[PlyCount "42"]
[EventDate "2006.??.??"]
[EventType "swiss"]
[EventRounds "7"]
[EventCountry "FIN"]
[SourceTitle "EXT 2022"]
[Source "ChessBase"]
[SourceDate "2021.10.06"]
[SourceVersion "1"]
[SourceVersionDate "2021.10.06"]
[SourceQuality "1"]

1. e4 e6 2. d4 d5 3. Nc3 Nf6 4. Bg5 Be7 5. e5 Nfd7 6. h4 Bxg5 7. hxg5 Qxg5 8. Nb5 Qd8 9. Qg4 g6 10. c4 dxc4 11. Nf3 a6 12. Nc3 Nb6 13. Rh6 N8d7 14. 0-0-0 Nf8 15. Ng5 Nd5 16. Bxc4 Qe7 17. Rdh1 Nxc3 18. bxc3 Bd7 19. Kd2 0-0-0 20. Qf4 Be8 21. Rb1 Nd7 1/2-1/2

[Event "Espoo We MatSK"]
[Site "Espoo"]
[Date "2006.??.??"]
[Round "1"]
[White "Pudas, Teemu"]
[Black "Laitinen, Mika"]
[Result "1-0"]
[WhiteElo "2155"]
[BlackElo "1982"]
[PlyCount "61"]
[EventDate "2006.02.??"]
[EventType "swiss"]
[EventRounds "5"]
[EventCountry "FIN"]
[SourceTitle "EXT 2007"]
[Source "ChessBase"]
[SourceDate "2006.11.23"]
[SourceVersion "1"]
[SourceVersionDate "2006.11.23"]
[SourceQuality "1"]

1. e4 c5 2. c3 Nf6 3. e5 Nd5 4. Bc4 Nb6 5. Bb3 d5 6. d4 cxd4 7. cxd4 Bf5 8. Nc3 e6 9. Nge2 Nc6 10. Ng3 Bg6 11. f4 Bb4 12. 0-0 Qd7 13. f5 Bxf5 14. Nxf5 exf5 15. Bc2 g6 16. Bg5 Be7 17. Be3 Rc8 18. Bb3 0-0 19. Qf3 Rfd8 20. g4 f4 21. Qxf4 Bf8 22. Rae1 Na5 23. Bd1 Nbc4 24. g5 Qe7 25. Bf3 Nxe3 26. Rxe3 Nc4 27. Nxd5 Rxd5 28. Bxd5 Nxe3 29. Qxe3 Qb4 30. Rxf7 Kh8 31. Qf2 1-0